000 00807nam a2200241Ia 4500
003 OSt
005 20260421121913.0
008 220923b |||||||| |||| 00| 0 eng d
020 _a0256015740
037 _cGeneral Book
040 _aRTL
_cRTL
_beng
041 _2eng
_aeng
084 _aX:9 , L4
_qRTL
100 _aGlueck William F.
245 0 _aPersonnel : A diagnostic approach
260 _aDallas
_bBusiness Publications
_c1974
300 _axvi , 712 p. Name index : 669-677 p. Subject index : 679-712 p.
_bIncludes bibliographical references and index
500 _aName index : 669-677 p. Subject index : 679-712 p.
650 _a Personnel Management
_929105
650 _aLabour Economics
_921364
942 _hX:9 , L4
_cGB
_2CC
999 _c502850
_d502850